Podpora startupov na Slovensku diplomová práca

Gespeichert in:
Bibliographische Detailangaben
1. Verfasser: Murín, Matej
Körperschaft: Fakulta podnikového manažmentu EU. Katedra manažmentu
Weitere Verfasser: Bednár, Richard, 1985-
Format: Buch
Sprache:Slowakisch
Veröffentlicht: Bratislava 2016
Tags: Tag hinzufügen
Keine Tags, Fügen Sie das erste Tag hinzu!

MARC

LEADER 00000nbm a2200000 4500
001 0218411
005 20170222135947.8
041 0 |a slo 
044 |a SK 
245 1 0 |a Podpora startupov na Slovensku  |b diplomová práca  |c Matej Murín ; školiteľ: Richard Bednár 
264 1 |a Bratislava  |c 2016 
300 |a 88 s. 
100 1 |a Murín, Matej 
700 1 |a Bednár, Richard, 1985- 
710 2 |a Fakulta podnikového manažmentu EU. Katedra manažmentu